000 00310nam a22001337a 4500
008 170828b xxu||||| |||| 00| 0 eng d
020 _a9781285131023
041 _aeng
080 _a070
100 _a39
101 _aMED
245 _aMULTIMODAL COMMUNICATION FUNDAMENTALS
_cSELLNOV.S
942 _2udc
_cBK
999 _c25192
_d25192